Macroeconomic modelling in a changing world :towards a common approach. / (Record no. 503)

MARC details
000 -LEADER
fixed length control field 02505cam a2200373 a 4500
001 - CONTROL NUMBER
control field 690421
005 - DATE AND TIME OF LATEST TRANSACTION
control field 20210414113912.0
008 - FIXED-LENGTH DATA ELEMENTS--GENERAL INFORMATION
fixed length control field 960503s1997 enka b 001 0 eng
010 ## - LIBRARY OF CONGRESS CONTROL NUMBER
LC control number 96022708
020 ## - INTERNATIONAL STANDARD BOOK NUMBER
International Standard Book Number 0471957917
040 ## - CATALOGING SOURCE
Original cataloging agency DLC
Transcribing agency DLC
Modifying agency DLC
043 ## - GEOGRAPHIC AREA CODE
Geographic area code e-uk---
050 00 - LIBRARY OF CONGRESS CALL NUMBER
Classification number HC256.6.M278
082 00 - DEWEY DECIMAL CLASSIFICATION NUMBER
Classification number 339.5/0941
Edition number 20
245 00 - TITLE STATEMENT
Title Macroeconomic modelling in a changing world :towards a common approach. /
Statement of responsibility, etc. edited by Chris Allen and Stephen Hall.
260 ## - PUBLICATION, DISTRIBUTION, ETC.
Place of publication, distribution, etc. Chichester ;
-- New York :
Name of publisher, distributor, etc. Wiley,
Date of publication, distribution, etc. c1997.
300 ## - PHYSICAL DESCRIPTION
Extent ix, 307 p. :
Other physical details ill. ;
Dimensions 24 cm.
440 #0 - SERIES STATEMENT/ADDED ENTRY--TITLE
Title Series in financial economics and quantitative analysis
504 ## - BIBLIOGRAPHY, ETC. NOTE
Bibliography, etc. note Includes bibliographical references and index.
505 ## - FORMATTED CONTENTS NOTE
Formatted contents note Contents: Introduction Marcoeconomic modelling: A Perspective -- Model building: A Survey of flexilble functional forms applied to production analysis -- Modelling investment witrh adjustment costs using flexible functional forms --Forward-looking consumption and financial liberalisation in the United Kingdom -- Stockbuilding, risk and the forward-looking behaviour of the firm,-- UK fiscal policy over the medium term -- Two concepts of the NAIRU, -- Investigating structural breaks in UK manufacturing trade -- A Supply-side model of the UK economy: An Application of non-linear cointegration -- Using models: Controlling inflation: Modelling monetary policy in the 1990s -- The Stability of expectational equilibria in the LBS model -- Modelling the effects of changing millitary expenditure -- Modelling economies in transition.
650 #0 - SUBJECT ADDED ENTRY--TOPICAL TERM
Topical term or geographic name entry element Macroeconomics
General subdivision Mathematical models.
651 #0 - SUBJECT ADDED ENTRY--GEOGRAPHIC NAME
Geographic name Great Britain
General subdivision Economic conditions
Chronological subdivision 1964-1979
General subdivision Econometric models.
651 #0 - SUBJECT ADDED ENTRY--GEOGRAPHIC NAME
Geographic name Great Britain
General subdivision Economic conditions
Chronological subdivision 1979-1997
General subdivision Econometric models.
651 #0 - SUBJECT ADDED ENTRY--GEOGRAPHIC NAME
Geographic name Great Britain
General subdivision Economic policy
Chronological subdivision 1964-1979
General subdivision Econometric models.
651 #0 - SUBJECT ADDED ENTRY--GEOGRAPHIC NAME
Geographic name Great Britain
General subdivision Economic policy
Chronological subdivision 1979-1997
General subdivision Econometric models.
700 1# - ADDED ENTRY--PERSONAL NAME
Personal name Allen, Chris.
700 1# - ADDED ENTRY--PERSONAL NAME
Personal name Hall, S. G.
856 4# - ELECTRONIC LOCATION AND ACCESS
Materials specified Table of Contents
Uniform Resource Identifier <a href="http://www.loc.gov/catdir/toc/onix03/96022708.html">http://www.loc.gov/catdir/toc/onix03/96022708.html</a>
856 42 - ELECTRONIC LOCATION AND ACCESS
Materials specified Contributor biographical information
Uniform Resource Identifier <a href="http://www.loc.gov/catdir/enhancements/fy0706/96022708-b.html">http://www.loc.gov/catdir/enhancements/fy0706/96022708-b.html</a>
856 42 - ELECTRONIC LOCATION AND ACCESS
Materials specified Publisher description
Uniform Resource Identifier <a href="http://www.loc.gov/catdir/enhancements/fy0706/96022708-d.html">http://www.loc.gov/catdir/enhancements/fy0706/96022708-d.html</a>
906 ## - LOCAL DATA ELEMENT F, LDF (RLIN)
a 7
b cbc
c orignew
d 1
e ocip
f 19
g y-gencatlg
942 ## - ADDED ENTRY ELEMENTS (KOHA)
Source of classification or shelving scheme Library of Congress Classification
Koha item type Books
Holdings
Withdrawn status Lost status Source of classification or shelving scheme Damaged status Not for loan Home library Current library Shelving location Date acquired Total Checkouts Full call number Barcode Date last seen Price effective from Koha item type
    Library of Congress Classification     WISCONSIN INTERNATIONAL UNIVERSITY COLLEGE, GHANA - MAIN LIBRARY WISCONSIN INTERNATIONAL UNIVERSITY COLLEGE, GHANA - MAIN LIBRARY General Stacks 26/01/2012   HC256.6.M278 1130/11 26/01/2012 26/01/2012 Books

If you have any concerns or questions; kindly contact the library


© Powered by WIUC ICT DIRECTORATE